000
00218nam a22000977a 4500
082
_a
294
100
_a
Saraf, Mukesh
_9
79852
245
_a
The Hindu View of Life
260
_a
Allahabad
_b
Prabha Pub
_c
2018
942
_c
BK
999
_c
63418
_d
63418